• 首页
  • 本馆介绍
  • 公告通知
  • 最新文献
  • 馆藏检索
  • 电子资源
  • 读者荐购
  • 参考咨询
  • CALIS
  • 我的图书馆
  • 登录
  • 详细信息显示
  • 放入我的书架
  • 预约/预借图书
  • 作者相关作品
  • 分类相关作品
  • 丛书相关作品
  • 出版社相关作品

书目信息

  • 表格格式
  • 工作单格式
  • 卡片格式
题名:
聚氨脂涂料
    
 
作者: 丛树枫 , 喻露如 编著
分册:  
出版信息: 北京   化学工业出版社  2003.09
页数: 295页
开本: 20cm
丛书名:
单 册:
中图分类: TQ633
科图分类:
主题词: 合成树脂漆
电子资源:
ISBN: 7-5025-4690-1
 
 
 
 
 
000 00588nam0 2200205 45
001 0433827631
005 2004042809234690
010    @a7-5025-4690-1@dCNY 24.00
100    @a20040428d2003 km y0chiy0120 ea
101 0  @achi
102    @aCN@b110000
200 1  @a聚氨脂涂料@AJu An Zhi Tu Liao@f丛树枫,喻露如编著@FCong Shu Feng,Yu Lu Ru Bian Zhu
210    @a北京@c化学工业出版社@d2003.09
215    @a295页@d20cm
606 0  @a合成树脂漆
690    @aTQ633@v3
701  0 @a丛树枫@ACong Shu Feng@4编著
701  0 @a喻露如@AYu Lu Ru@4编著
801  0 @aCN@bPFT@c20040428
905    @dTQ633@eC959
    
    聚氨脂涂料/丛树枫,喻露如编著.-北京:化学工业出版社,2003.09
    295页;20cm
    
    
    ISBN 7-5025-4690-1:CNY 24.00
    
●
相关链接 在E读中查询图书 在当当中查询图书 在豆瓣中查询图书


正题名:聚氨脂涂料     索取号:TQ633/C959         预约/预借

序号 登录号 条形码 馆藏地/架位号 状态 备注
1 390222   203902223   自科库501/501自科库 40排4列4层/ [索取号:TQ633/C959] 在馆    
2 390223   203902232   自科库501/501自科库 40排4列4层/ [索取号:TQ633/C959] 在馆    
河南城建学院图书馆 欢迎您!
大连网信软件有限公司© 版权所有